Výkaz komplexného výsledku a výkaz ziskov a strát podľa IFRS pre malé a stredné podniky 2/10 minimálne požiadavky

Informácie týkajúce sa minimálnych požiadaviek pre zostavenie výkazu komplexného výsledku a výkazu ziskov a strát podľa IFRS pre malé a stredné podniky. Nevylučuje sa možnosť pridania doplňujúcich riadkových položiek a medzisúčtov, pokiaľ sa touto prezentáciou zvýši zrozumiteľnosť finančnej výkonnos...

Descrizione completa

Salvato in:
Dettagli Bibliografici
Autore principale: Ješš, Michal, 1986-
Natura: Capitolo di libro
Lingua:slovacco
Soggetti:
Tags: Aggiungi Tag
Nessun Tag, puoi essere il primo ad aggiungerne!!

MARC

LEADER 00000nla a2200000 4500
001 0162249
005 20240502072818.0
041 0 |a slo 
044 |a SK 
245 1 0 |a Výkaz komplexného výsledku a výkaz ziskov a strát podľa IFRS pre malé a stredné podniky 2/10  |b minimálne požiadavky  |c Michal Ješš 
520 |a Informácie týkajúce sa minimálnych požiadaviek pre zostavenie výkazu komplexného výsledku a výkazu ziskov a strát podľa IFRS pre malé a stredné podniky. Nevylučuje sa možnosť pridania doplňujúcich riadkových položiek a medzisúčtov, pokiaľ sa touto prezentáciou zvýši zrozumiteľnosť finančnej výkonnosti účtovnej jednotky. 
610 2 0 |a jednotka účtovná 
610 2 0 |a výsledok hospodársky 
610 2 0 |a prezentácia 
610 2 0 |a IFRS 
610 2 0 |a podnik malý 
610 2 0 |a podnik stredný 
100 1 |a Ješš, Michal, 1986-